00305nam a2200121Ia 4500008004100000041000800041082001500049100001700064245002300081260004400104300002400148365001100172240624s9999 xx 000 0 und d aeng a657.45 SPE aSPELMAN MARK aPRODUCTIVITY AUDIT aUKbCambridge Strategy Publications Ltd a121 : p. : cm. ; 29 cRSb50